| 000 | 00760nam a2200229Ii 4500 | ||
|---|---|---|---|
| 003 | JO-AjNU | ||
| 008 | 230605s9999||||xx |||||||||||||| ||und|| | ||
| 017 | _a2007/5/1529 | ||
| 020 | _a978-9957-16-337-2 | ||
| 040 |
_aJO-AjNU _bara _erda _cJO-AjNU |
||
| 041 | _aara | ||
| 050 | 1 | 4 | _aK230.S26.M33.2014 |
| 100 | 3 |
_a الصراف ، عباس ، م. مشارك حزبون ، جورج , _eauthor _950695 |
|
| 245 | 0 | 0 | _aالمدخل الى علم القانون : نظرية القانون - نظرية الحق |
| 250 | _aط15 | ||
| 264 | 3 | 1 | _aعمان : دار الثقافة ، 2014 |
| 300 | _a304ص | ||
| 336 |
_atext _btxt _2rdacontent |
||
| 337 |
_aunmediated _bn _2rdamedia |
||
| 338 |
_avolume _bnc _2rdacarrier |
||
| 650 | 4 |
_aالقانون _950696 |
|
| 999 |
_aA22347 _c25915 _d25915 |
||